| 000 | 00691cam a22001934a 4500 | ||
|---|---|---|---|
| 005 | 20250605164336.0 | ||
| 008 | 250528s ||||||||||||||||||||||||d | ||
| 035 | _a23455 | ||
| 040 |
_aGR-AtMCL _bgre _dGR-AtMCL _eAACR2 |
||
| 245 | 1 | _aHow Painters Cope with Stress/A Qualitative Research Using Interpretative Phenomenological Analysis | |
| 260 | _c2013 | ||
| 300 | _a63 | ||
| 520 | _aIntroduction, Cause of Stress, Stress Symptoms, Copying with Stress, Stress Management, Methodology, Design, Participants, Materials, Procedure, Analysis, Rerefences. | ||
| 700 | 1 |
_aChronopoulou Myrsini _99023 |
|
| 700 | 1 |
_aLouka Penelope _99017 |
|
| 942 | _cDS | ||
| 999 |
_c8465 _d8465 |
||